=LDR 00000nam 2200000 4500 =001 INLIS000000000022382 =005 20130612121138 =008 ***********************************Ind** =035 ##$$a0010-061300000022382 =041 ##$$a Ind =082 ##$$a 808.87 =090 ##$$a 808.87, Bun b =100 ##$$a Bundari =245 ##$$a Banyolan ala Betawi, Bundari =260 ##$$a 2005 $b Jakarta =300 ##$$a vii, 140 hlm, ilus, 20 cm =650 ##$$a Humor =850 ##$$a NBPNMAT =990 ##$$a 0001/BPAP-NTB/20142014